Prophecy, the War, and the Near East. (Record no. 3997)

MARC details
000 -LEADER
fixed length control field 00599nam a2200241 a 4500
020 ## - INTERNATIONAL STANDARD BOOK NUMBER
ISBN
082 00 - DEWEY DECIMAL CLASSIFICATION NUMBER
Classification number 220.15
Author Cutter LAN
100 ## - MAIN ENTRY--AUTHOR NAME
Author name Lancaster, G Harold
245 ## - TITLE STATEMENT
Title Prophecy, the War, and the Near East.
260 ## - PUBLICATION, DISTRIBUTION, ETC. (IMPRINT)
Place of publication London
Name of publisher Marshal Brothers
Year of publication 1919
300 ## - PHYSICAL DESCRIPTION
Number of Pages 253p
500 ## - GENERAL NOTE
General note includes index and biblioraphy
505 2# - FORMATTED CONTENTS NOTE
Formatted contents note General Index
650 ## - SUBJECT ADDED ENTRY--TOPICAL TERM
Topical Term Bible-Prophecies
942 ## - ADDED ENTRY ELEMENTS (KOHA)
Koha item type Books
700 1# -
-- Lancaster, G Harold
Holdings
Home library Current library Date acquired Cost, normal purchase price Full call number Accession Number Koha item type
Henry Martyn Institute Library Henry Martyn Institute Library 06/15/2007 100.00 220.15 LAN 7173 Archive Book
                   Copyright © 2026 | Henry Martyn Institute | Hyderabad | TS-500052 | INDIA | Implemented by hmi.edu.in
Hit-Count:

Powered by Koha